| 000 | 00818nam a22002297a 4500 | ||
|---|---|---|---|
| 999 |
_c14433 _d14433 |
||
| 003 | AR-CdUCM | ||
| 008 | 190423b ||||| |||| 00| 0 spa d | ||
| 020 | _a978-607-618-730-2 | ||
| 040 |
_aMUNICIPALIDAD PROVINCIAL DEL CUSCO _cBIBLIOTECA MUNICIPAL DEL CUSCO |
||
| 082 |
_aPI / 808.06 / _bS54 |
||
| 100 |
_aGallagher, Belinda _933201 |
||
| 245 | _aCuentos para cada día / | ||
| 260 |
_aMéxico : _bSilver dolphin, _c2015. |
||
| 300 |
_bIlustraciones, _c22 cm. |
||
| 500 | _aNo cuenta con numero de paginas | ||
| 505 | _aContenido: Anansi encuentra algo de carne -- Anansi y la tortuga -- Anansi y su esposa -- Androcles y el león... | ||
| 650 |
_aCuentos para niños _933104 |
||
| 650 |
_aPrimera infancia _924660 |
||
| 650 |
_aLectura para niños _933156 |
||
| 942 |
_2ddc _cLIBROS |
||
| 945 |
_adavv _d23/04/2019 |
||